Carl Schmitt y la crisis de la ciencia jurídica.
I tiakina i:
| Kaituhi matua: | |
|---|---|
| Hōputu: | Pukapuka |
| Reo: | Ingarihi |
| I whakaputaina: |
Buenos Aires, Argentina:
Abeledo-Perrot,
1965.
|
| Ngā marau: | |
| Ngā Tūtohu: |
Tāpirihia he Tūtohu
Kāore He Tūtohu, Me noho koe te mea tuatahi ki te tūtohu i tēnei pūkete!
|
MARC
| LEADER | 00000nam a22000007a 4500 | ||
|---|---|---|---|
| 003 | CL-VaPUC | ||
| 005 | 20220822114816.0 | ||
| 008 | 220804t1965 ||||| |||| 00| 0 eng d | ||
| 999 | |c 437982 |d 437980 | ||
| 040 | |c Pontificia Universidad Católica de Valparaíso | ||
| 082 | |2 22 |a 340.1 SAM 1965 | ||
| 100 | |9 295301 |a Sampay, Arturo Enrique |e autor | ||
| 245 | |a Carl Schmitt y la crisis de la ciencia jurídica. | ||
| 260 | |a Buenos Aires, Argentina: |b Abeledo-Perrot, |c 1965. | ||
| 300 | |a 75 páginas. | ||
| 500 | |a c.1 Donación Familia Prof. Alejandro Guzmán Brito. | ||
| 583 | |c 20220804 |k Yessy Sthefany Diaz Vidal | ||
| 600 | 0 | |9 874752 |a Schmitt, Carl |x Pensamiento político y jurídico | |
| 650 | 0 | |9 255050 |a Filosofía del derecho | |
| 942 | |2 ddc |c BK |n 0 | ||
| 952 | |0 0 |1 0 |2 ddc |4 0 |6 340_100000000000000_SAM_1965 |7 0 |8 C_AGB |9 585846 |a BIBDER |b BIBDER |d 2022-08-04 |e Donación |i 5652204 |o 340.1 SAM 1965 |p 5652204 |r 2023-01-25 |t 1 |w 2022-08-04 |y BK_US |k AGB | ||